00282nam a2200109Ia 450000500170000000800410001710000190005824500560007726000190013330000110015265000090016320260328101517.0260328s9999||||xx |||||||||||||| ||und|| aDorfles, Gillo 0aConstantes técnicas de las Artes /cGillo Dorfles bNueva Visión a211 p. aARTE